000 00628nam a2200253Ia 4500
003 OSt
005 20221007110734.0
006 a|||||r|||| 00| 0
007 ta
008 221006b |||||||| |||| 00| 0 hin d
024 _a21,751
037 _cTextual
040 _aLCO
_cLCO
_bhin
041 _2hin
_ahin
082 _aZ2,94, N8
100 _aAvtar Singh
245 0 _aSakshay Vidhi
250 _a11th
260 _aAllahabad
_bCentral Law Publications India
_c1998
300 _a416
650 _aSAKSHAY VIDHI
_9707816
942 _hZ2,94, N8
_cTEXL
999 _c1191314
_d1191314